000 00533nam a2200157Ia 4500
999 _c20045
_d20045
003 OSt
005 20200609115246.0
008 190216s9999||||xx |||||||||||||| ||und||
040 _coclc
082 _a327.174
_bROB/N
100 _aRobles, Alfonso Garcia
_92668
245 0 _aNuclear Disarmament A Crucial Issue For The Survival Of Mankind /
_cAlfonso Garcia Robles
260 _bIndian Council For Cultural Relations,
_c1984.
_aNew Delhi:
300 _a32p
942 _cBK
_2ddc
_h327.174
_iROB/N
_k327.174
_mROB/N